Mytologie starověku /
Salvato in:
| Autore principale: | |
|---|---|
| Natura: | Libro |
| Lingua: | ceco |
| Pubblicazione: |
Praha :
Orbis, n.p.,
1977
|
| Edizione: | 1. vydanie |
| Serie: | Stop - Fakta - Svědectví
|
| Soggetti: | |
| Tags: |
Nessun Tag, puoi essere il primo ad aggiungerne!!
|
MARC
| LEADER | 00000nam a22000003a 4500 | ||
|---|---|---|---|
| 001 | 0082759 | ||
| 003 | SK-STU | ||
| 005 | 20200807152154.1 | ||
| 007 | ta | ||
| 008 | 200807s ----xo-----e------000-0-----d | ||
| 040 | |a STU |b slo | ||
| 041 | 0 | |a cze | |
| 044 | |a xr | ||
| 100 | 1 | |a Kramer, Samuel Noah |4 com |4 aut | |
| 245 | 1 | 0 | |a Mytologie starověku / |c zost. Samuel Noah Kramer |
| 250 | |a 1. vydanie | ||
| 260 | |a Praha : |b Orbis, n.p., |c 1977 | ||
| 300 | |a 448 stran + 16 strán obr. | ||
| 490 | 0 | |a Stop - Fakta - Svědectví | |
| 650 | 0 | 7 | |a mytológia |
| 650 | 0 | 7 | |a Egypt |
| 650 | 0 | 7 | |a Mezopotámia |
| 650 | 0 | 7 | |a Staré Grécko |
| 650 | 0 | 7 | |a India |
| 650 | 0 | 7 | |a Irán |
| 650 | 0 | 7 | |a Čína |
| 650 | 0 | 7 | |a Japonsko |
| 650 | 0 | 7 | |a Mexiko |
| 996 | |b 284AU08463 |c A* 11723/U |l AAKNAR |s A |a 24 |w 0082759_0001 | ||